000
00325 a2200157 4500
001
68117
020
_a
9783190017829
040
_c
Anchieta - Pituba
100
_a
Kopp, Gabriele
240
1
0
_a
Dabei! B1.1
_l
deu / ger
245
1
0
_a
Dabei! B1.1
300
_a
86
362
0
_a
2020
650
4
_a
Língua alemã
942
_c
BK
999
_c
68117
_d
68117